[Event "Ch Europe"]
[Site "masterchessopen.com Istanbul (Turkey)"]
[Round "12"]
[White "Arduman Can (TUR)"]
[Black "Brendel Oliver (GER)"]
[Result "1-0"]
[WhiteElo "2308"]
[BlackElo "2340"]

{ Brendel Oliver (GER) +0 =0 -2 } 1.d4 { 1 } 1...Nf6 2.c4 g6 3.g3 Bg7 4.Bg2 d5
5.cxd5 Nxd5 6.e4 Nb6 7.Ne2 c5 ( 7...e5 8.d5 O-O 9.O-O c6 10.Nbc3 cxd5 11.exd5
Na6 12.b3 f5 13.Ba3 Rf7 14.Qd3 Be6 15.dxe6 { 1-0, Grabarczyk Miroslaw 2489 -
Brendel Oliver 2380 , Ohrid 2001 Ch Europe } ) 8.d5 O-O ( 8...e6 9.Nbc3 exd5
10.exd5 O-O 11.O-O Na6 12.h3 Nc4 13.b3 Nd6 14.Bf4 b6 15.Qd2 Re8 16.Rad1 Bb7
17.g4 Nc7 18.a4 Ba6 19.Rfe1 Bxe2 20.Nxe2 Be5 21.Bg5 Bf6 22.Be3 Qd7 23.Ng3 Re7
24.Bf4 Rxe1+ 25.Rxe1 Re8 26.Rd1 Be5 27.Bf1 Bxf4 28.Qxf4 { ...0-1, Lputian
Smbat G 2618 - Van Wely Loek 2714 , Moscow 2001 Ch World FIDE (KO-system) } )
9.O-O e6 10.Nec3 exd5 ( 10...Na6 11.a4 exd5 12.exd5 Bf5 13.Na3 Nb4 14.Be3 Rc8
15.d6 Bd3 16.a5 Nd7 17.Bxb7 Rb8 18.a6 Qb6 19.Re1 Nxa6 20.Qxd3 Qxb7 21.Nc4 Nb4
22.Qd2 Nc6 23.Qd5 Nb6 24.Nxb6 axb6 25.Bg5 Nd4 26.Qxb7 Rxb7 27.Re7 Rbb8 28.Kg2
h6 29.Bf4 g5 30.Be5 { ...1/2-1/2, Stohl Igor 2560 - Ftacnik Lubomir 2610 ,
Germany 1996 Bundesliga 1995/96 } ) 11.exd5 { = } 11...Bf5 { } ( 11...Na6
12.a4 Nc4 13.Nd2 Nxd2 14.Bxd2 Bf5 15.Be3 Qd7 16.Qb3 Rac8 17.Rfd1 Rfe8 18.Rd2
Nb4 19.Bf1 a6 20.Na2 Nxa2 21.Qxa2 Be4 22.Rc1 Qf5 23.Be2 Qh3 24.Bf1 Qf5 25.Be2
Bd4 26.Bxd4 cxd4 27.Rxc8 Rxc8 28.Rxd4 Rc1+ 29.Rd1 Qh3 30.f3 Bxf3 31.Bxf3 {
...0-1, Gaprindashvili Valerian 2476 - Sakaev Konstantin 2639 , Linares 2001
It (open) } ) 12.Na3 { N } ( 12.a4 Na6 13.Na3 Nb4 ( 13...Qd7 14.Be3 Rad8
15.Bg5 f6 16.Be3 Bh3 17.Bxh3 Qxh3 18.a5 Nd7 19.Nc4 f5 20.Ne2 Bh6 21.Bxh6 Qxh6
22.Nf4 Nf6 23.Qf3 Rfe8 24.Ne3 Rd7 25.Rfc1 Qf8 26.h4 Ne4 27.Rd1 Qf6 28.Nc4 {
1/2-1/2, Navrotescu Catalin 2447 - Pasarelu Dan 2317 , Romania 2000 Ch Romania
(team) } ) 14.Be3 Rc8 15.Qd2 a5 16.h3 Bd3 17.Rfd1 c4 18.Rac1 N4xd5 19.Nxd5
Nxd5 20.Nxc4 Bxc4 21.Bxd5 Bxd5 22.Qxd5 Qxd5 23.Rxd5 Rxc1+ 24.Bxc1 Rc8 25.Be3
Bxb2 26.Rxa5 Rc7 27.Ra7 f5 28.a5 Be5 29.Bb6 Rf7 30.Bc5 Kg7 { 1/2-1/2, Smejkal
Jan 2500 - Ftacnik Lubomir 2610 , Ceska Trebova 1996 Kettler Cup (active) } )
( 12.Nd2 Na6 13.Nde4 h6 14.Bf4 g5 15.Bd6 Re8 16.Bxc5 Nc4 17.Bd4 Nxb2 18.Qd2
Nc4 19.Qd1 Nb2 20.Qd2 Nc4 21.Qd1 Nb2 { 1/2-1/2, Mchedlishvili Mikheil 2550 -
Shipov Sergei 2613 , Moscow 2002 It (open) "Aeroflot" } ) ( 12.g4 Bxb1 (
12...Bd7 13.Ne4 Bb5 14.Re1 Nxd5 15.Bg5 Qa5 16.Na3 Bc6 17.Nc4 Qc7 18.Qd2 Nd7
19.Na5 N7f6 20.Nxf6+ Nxf6 21.Nxc6 bxc6 22.h3 Rfe8 23.Qc2 Qb6 24.Rxe8+ Rxe8
25.Be3 Nd5 26.Bxc5 Qxb2 27.Qxb2 Bxb2 28.Rb1 Be5 29.Bxa7 Nc3 30.Re1 Nxa2
31.Bxc6 Bh2+ { ...1/2-1/2, Jirka Jiri 2370 - Schramm Christian 2331 ,
Griesheim 2003 It (cat.5) } ) 13.Rxb1 N8d7 14.Ne4 c4 15.Bg5 f6 16.Bf4 Ne5
17.Nc5 Rf7 18.d6 Rb8 19.Bxe5 fxe5 20.Bd5 Nxd5 21.Qxd5 b6 22.Ne6 Qd7 23.f4 e4
24.Ng5 Qxg4+ 25.Kh1 Rb7 26.Rbe1 Bxb2 27.Rxe4 Kg7 28.Nxf7 Rxf7 29.Re7 Rxe7
30.dxe7 Qe2 31.Rg1 Qxe7 { ...1-0, Jirka Jiri 2400 - Marchio Enrico 2288 ,
Griesheim 2002 It (cat.5) } ) ( 12.Ne4 Bxe4 13.Bxe4 Nc4 14.Nc3 Nd6 15.Bg2 Nd7
16.Re1 Bd4 17.Bf4 Qf6 18.Bxd6 Qxd6 19.Nb5 Qf6 20.Nxd4 cxd4 21.Qf3 Rae8 22.Rxe8
Rxe8 23.Rd1 Qb6 24.b3 Qa5 25.d6 Re1+ 26.Rxe1 Qxe1+ 27.Bf1 Ne5 28.Qxb7 d3 29.d7
Nxd7 30.Qxd7 d2 31.Qd8+ { 1/2-1/2, Jirka Jiri 2330 - Kalod Radek 2479 , Czech
Republic 2001 Extra League 2001/02 } ) ( 12.Be3 Na6 13.Na3 Qd7 14.Qd2 Rac8
15.Ncb5 Rfd8 16.Rfd1 Na4 17.b3 Nb2 18.Nxa7 Ra8 19.N7b5 Nxd1 20.Rxd1 b6 21.d6
Rac8 22.Nc3 Bg4 23.f3 Be6 24.Nc4 Rb8 25.a4 Nb4 26.Nb5 Nc6 27.f4 Bxc4 28.bxc4
Nd4 29.f5 Nxf5 30.Bf4 Nd4 31.Bd5 Re8 { ...1/2-1/2, Chiburdanidze Maia 2513 -
Xie Jun 2553 , Batumi 2001 Match "Europe-Asia" (active) } ) 12...Qd7 13.Re1
Bg4 14.Qb3 Bh3 15.Bh1 Na6 16.Be3 Rfe8 17.Nc4 Nb4 18.Ne4 Nxc4 19.Qxc4 Nxd5
20.Bxc5 Qe6 { ?! } ( 20...Nb6 { !? } 21.Qb3 Be6 22.Qb4 Nd5 { } ) 21.Qb5 Kh8 {
?! } ( 21...Qc6 { !? } 22.Qb3 Nc7 23.Ba3 Qb5 { } ) 22.Red1 h6 { ? } ( { ? }
22...Nb6 23.Ng5 Qf5 24.Nxh3 Qxh3 { } ) 23.Qxb7 { ? } ( 23.Nd6 { ! } 23...Nf4
24.Bxb7 Ne2+ 25.Kh1 { } ) 23...Rad8 { ?! } ( 23...Nb6 { !? } 24.Nd6 Re7 25.Qa6
Rb8 { } ) 24.Nd6 Nf4 { ?! } ( 24...Rxd6 { !? } 25.Bxd5 Rxd5 26.Qxd5 Bxb2 { } )
25.gxf4 Rd7 26.Qb3 Qg4+ 27.Qg3 Red8 28.Qxg4 Bxg4 29.Nxf7+ Kg8 30.Rxd7 Rxd7
31.Ne5 { } {#r} 1-0

[Event "Ch Europe"]
[Site "masterchessopen.com Istanbul (Turkey)"]
[Round "13"]
[White "San Segundo Carrillo Pablo (ESP)"]
[Black "Atakisi Umut (TUR)"]
[Result "1-0"]
[WhiteElo "2516"]
[BlackElo "2304"]

{ Atakisi Umut (TUR) +0 =0 -1 } 1.d4 { 1 } 1...Nf6 2.c4 g6 3.g3 Bg7 4.Bg2 d5
5.cxd5 Nxd5 6.e4 Nb6 7.Ne2 e5 ( 7...O-O 8.O-O Nc6 9.d5 Na5 10.Nbc3 c6 11.Re1
Nac4 12.dxc6 bxc6 13.Qc2 Qc7 14.b3 Nd6 15.Be3 Bb7 16.Rac1 c5 17.Nd5 Bxd5
18.exd5 c4 19.Nd4 Qd7 20.Nc6 cxb3 21.axb3 Rfe8 22.Bf4 Rac8 23.h4 Nf5 24.Qd2 h5
25.Rcd1 e6 26.dxe6 Qxd2 27.exf7+ { ...1-0, Jobava Baadur 2480 - Atakisi Umut
2258 , Yerevan 2000 Zt } ) 8.d5 c6 { = } 9.Qb3 { N } ( 9.O-O O-O ( 9...cxd5
10.exd5 O-O 11.Nec3 Bf5 12.Na3 Qd7 13.Be3 Nc8 14.Rc1 Bh3 15.Ne4 Bxg2 16.Kxg2
b6 17.Qb3 Kh8 18.Rfd1 h6 19.d6 Na6 20.Qb5 Qb7 21.f3 f5 22.d7 fxe4 23.d8=Q
exf3+ 24.Kf2 Qe4 25.Qbd5 Qg4 26.Qxa8 Qh5 27.Qh4 { 1-0, Rausis Igors 2478 -
Brustman Agnieszka 2357 , Cappelle la Grande 2003 It (open) } ) 10.Nbc3 cxd5
11.exd5 Na6 12.b3 f5 13.a4 f4 14.a5 f3 15.axb6 fxg2 16.Kxg2 e4 17.Nd4 h5 18.h3
Qxb6 19.Be3 Qd8 20.Qe2 Qd7 21.Rh1 Qf7 22.Rad1 { 1/2-1/2, Rogozenko Dorian 2435
- Ftacnik Lubomir 2585 , Hamburg 1998 Ch City } ) ( 9.Nbc3 O-O ( 9...cxd5
10.exd5 Na6 11.b3 O-O 12.Ba3 Re8 13.O-O Bf5 14.Qd2 Qd7 15.Rac1 Bh3 16.Bxh3
Qxh3 17.Ne4 Qd7 18.Rfd1 Rac8 19.Nc5 Nxc5 20.Bxc5 Red8 21.d6 Rc6 22.Qe3 Nc8
23.Nc3 b6 24.Ba3 f5 25.Nd5 Rxc1 26.Rxc1 Nxd6 27.Rc7 Qe6 28.Ne7+ Kh8 {
...1/2-1/2, Payen Arnaud 2359 - Karr Jean-Philipp 2376 , France 2003 Ch France
(team) 2003 } ) 10.O-O cxd5 11.exd5 Na6 12.b3 f5 13.Ba3 Rf7 14.Qd3 Bd7 15.d6
Be6 16.Rad1 Qe8 17.Rfe1 Rd8 18.Qb5 Rfd7 19.Qa5 Qf7 20.Nb5 f4 21.Nec3 f3 22.Bf1
Rc8 23.Ne4 Qf5 24.Nc7 Rcxc7 25.dxc7 Rxd1 26.Rxd1 Qxe4 27.Qb5 Nxc7 28.Rd8+ Kf7
{ ...1-0, Tregubov Pavel V 2611 - Brendel Oliver 2380 , Deizisau 2001 It
(open) } ) ( 9.Nec3 O-O 10.O-O cxd5 11.exd5 Na6 12.a4 Bf5 13.Na3 Nb4 14.Be3 a5
15.Qd2 Re8 16.d6 Bd3 17.Rfd1 e4 18.Rac1 f5 19.Ncb5 N6d5 20.Bg5 Qd7 21.Nc4 Ra6
22.b3 Rc8 23.f3 e3 24.Bxe3 Nxe3 25.Qxe3 Re8 26.Rxd3 Rxe3 27.Rxe3 Nd5 28.Re2 f4
{ ...1/2-1/2, Shvidler Eliahu 2450 - Birnboim Nathan 2465 , Beer-Sheva 1987 It
(cat.11) } ) 9...cxd5 10.exd5 Bf5 11.Be3 O-O 12.O-O Na6 13.Nd2 Rc8 14.Rfc1 Qd6
15.Nc3 Qb4 16.Nb5 e4 17.Rxc8 Nxc8 { ? } ( 17...Rxc8 { ! } 18.Nxa7 Ra8 19.d6
Qxb3 { } ) 18.Qxb4 Nxb4 19.Bc5 Nc2 20.Bxf8 Nxa1 21.Bxg7 Kxg7 22.Bxe4 Bd7
23.Nc3 Nd6 24.Bd3 f5 25.f4 b5 26.b4 Kf6 27.Kf2 { } {#r} 1-0

[Event "It (open)"]
[Site "masterchessopen.com Klatovy (Czech Republic)"]
[Round "1"]
[White "Novak Jaromir (CZE)"]
[Black "Studnicka Tomas (CZE)"]
[Result "0-1"]
[WhiteElo "2005"]
[BlackElo "2267"]

1.d4 Nf6 2.c4 g6 3.g3 Bg7 4.Bg2 d5 5.cxd5 Nxd5 6.e4 Nb6 7.Ne2 O-O 8.O-O Nc6
9.d5 Na5 10.Nbc3 c6 11.Bg5 h6 12.Bf4 cxd5 13.exd5 Nac4 14.b3 Nd6 15.Nd4 Nf5
16.Nde2 Bd7 17.Rc1 Rc8 18.Qd3 Rc5 19.Be3 Nxe3 20.fxe3 Qc8 21.e4 Bxc3 22.Nxc3
Bb5 23.Qxb5 Rxb5 24.Nxb5 Qd7 25.a4 a6 26.Nd4 Qd6 27.Rfd1 Nd7 28.Rc3 Ne5
29.Rcc1 h5 30.Rc3 Rd8 31.Rcc1 Qb6 32.Kh1 Ng4 33.Rd2 e5 34.Nf3 Nf2+ 35.Rxf2
Qxf2 36.Nxe5 Qb2 37.Nd3 Qxb3 38.Nf2 Qxa4 39.e5 Qd4 {#R} 0-1

[Event "It (young masters) \"]
[Site "masterchessopen.com Millfield School (England)"]
[Round "3"]
[White "Nixon Thomas CM (ENG)"]
[Black "Antal Gergely (HUN)"]
[Result "0-1"]
[WhiteElo "2195"]
[BlackElo "2450"]

1.d4 Nf6 2.c4 g6 3.g3 Bg7 4.Bg2 d5 5.cxd5 Nxd5 6.e4 Nb6 7.Ne2 c5 8.d5 e6 9.O-O
exd5 10.exd5 O-O 11.Nbc3 Na6 12.Nf4 Nc4 13.Qe2 Nd6 14.Be3 Re8 15.Rfe1 h5 16.h3
Bf5 17.Rac1 Qd7 18.Kh2 Re7 19.b3 Rae8 20.Qd2 b6 21.Red1 Nc7 22.Nd3 Bxc3
23.Qxc3 Rxe3 24.fxe3 Rxe3 25.Nxc5 Qe7 26.Nd3 Ncb5 27.Qc2 Qg5 28.Qf2 Rxd3 29.h4
Qe3 30.Qxe3 Rxe3 31.a4 Nc3 32.Re1 Rxe1 33.Rxe1 Be4 34.Rc1 Nxd5 35.Rc6 Bxg2
36.Rxd6 Be4 37.b4 Kf8 38.Rd7 a6 39.a5 bxa5 40.bxa5 Ne7 41.Rd8+ Kg7 42.Kg1 Bc6
43.Kf2 Bb5 44.Rd1 Nc6 45.Ra1 Kf6 46.Ke3 Ke5 47.Ra2 Kf5 48.Ra3 Ne5 49.Kd4 Nc4
50.Rf3+ Ke6 {#R} 0-1

[Event "Cup Bodensee"]
[Site "masterchessopen.com Pfullendorf (Switzerland)"]
[Round "2"]
[White "Umansky Mikhail (GER)"]
[Black "Moor Roger (SUI)"]
[Result "1-0"]
[WhiteElo "2481"]
[BlackElo "2385"]

1.d4 Nf6 2.c4 g6 3.g3 Bg7 4.Bg2 d5 5.cxd5 Nxd5 6.e4 Nb6 7.Ne2 O-O 8.O-O e5
9.d5 c6 10.Nbc3 cxd5 11.exd5 Re8 12.b3 Bg4 13.Be3 Na6 14.Qd2 Qd7 15.Rfd1 Bh3
16.Bh1 Rac8 17.Rac1 Bf5 18.d6 Bg4 19.Ne4 Rxc1 20.Rxc1 Rc8 21.N2c3 Bf5 22.Rd1
Bg4 23.f3 Bf5 24.Bxb6 axb6 25.Nd5 {#r} 1-0

[Event "Cup European Club (final)"]
[Site "masterchessopen.com Rethymnon (Greece)"]
[Round "5"]
[White "Brynell Stellan (SWE)"]
[Black "Berndt Stephan (GER)"]
[Result "1-0"]
[WhiteElo "2473"]
[BlackElo "2438"]

{ } 1.d4 { 1 } 1...Nf6 2.c4 g6 3.g3 Bg7 4.Bg2 d5 5.cxd5 Nxd5 6.e4 Nb6 7.Ne2
O-O 8.O-O e5 9.d5 c6 ( 9...Nc4 10.b3 Nd6 11.Bb2 Re8 12.Nd2 Na6 13.f4 Bd7
14.Bxe5 Bxe5 15.fxe5 Rxe5 16.Nc3 Qe7 17.Qe1 Nb4 18.Qf2 f5 19.Nf3 Rxe4 20.Nxe4
Nxe4 21.Qb2 Qc5+ 22.Qd4 Qxd4+ 23.Nxd4 Nxd5 24.Rfe1 c5 25.Nf3 Re8 26.Nd2 Ndf6
27.Rad1 Bc6 28.Nc4 b6 { 1/2-1/2, Donner Jan Hein 2500 - Hort Vlastimil 2605 ,
Wijk aan Zee 1971 It (a) } ) 10.Nbc3 ( 10.Nec3 cxd5 11.exd5 Bf5 12.a4 Qd7
13.Re1 Na6 14.Na3 Rfc8 15.Be3 Nb4 16.Qb3 Nd3 17.Red1 Nc5 18.Bxc5 Rxc5 19.Qb4
Rac8 20.Nab5 Rc4 21.Qb3 a5 22.d6 Rb4 23.Qa2 e4 24.Nc7 Bxc3 25.bxc3 Rxa4 26.Qb1
Rxa1 27.Qxa1 Nc4 28.Bf1 Nxd6 29.Nd5 Qe6 { ...1-0, Jobava Baadur 2556 - Valdes
Leonardo 2359 , Ubeda 2001 It (open) } ) 10...cxd5 11.exd5 Na6 { ?/= } (
11...Bf5 12.Ne4 Bxe4 13.Bxe4 Nc4 14.Qb3 Nd6 15.Bg2 Nd7 16.Bd2 Nc5 17.Qa3 Nce4
18.Bb4 a5 19.Be1 Nc4 20.Qd3 Ned6 21.Bc3 e4 22.Qc2 Bxc3 23.Qxc3 Re8 24.b3 Ne5
25.Nd4 Rc8 26.Qe3 Ng4 27.Qe2 Nf6 28.Rad1 Qb6 29.Nc2 Nb5 30.Qe3 Qd6 31.Rd2 {
...0-1, Romanishin Oleg M 2605 - Anand Viswanathan 2720 , New York 1994 Ch
World (PCA) (match) (cand.) (1/4) } ) 12.b3 Bf5 ( 12...f5 13.a4 f4 14.a5 f3
15.axb6 fxg2 16.Kxg2 e4 17.Nd4 h5 18.h3 Qxb6 19.Be3 Qd8 20.Qe2 Qd7 21.Rh1 Qf7
22.Rad1 { 1/2-1/2, Rogozenko Dorian 2435 - Ftacnik Lubomir 2585 , Hamburg 1998
Ch City } ) ( 12...Bg4 13.Ba3 Re8 14.f3 Bd7 15.Qd2 f5 16.Rac1 Qf6 17.f4 e4
18.Nd1 Red8 19.Bb2 Qd6 20.Bxg7 Kxg7 21.Ne3 Rac8 22.g4 Rxc1 23.Rxc1 fxg4 24.Ng3
Rf8 25.Nxe4 Qe7 26.Qd4+ Kg8 27.Qe5 Qg7 28.a3 Bf5 29.Nd6 Nd7 30.Qxg7+ Kxg7
31.Nexf5+ gxf5 32.Nxb7 { ...1-0, Jirka Jiri 2330 - David Pavel 2428 , Czech
Republic 2001 Extra League 2001/02 } ) 13.a4 ( 13.Ba3 Re8 14.d6 Qd7 15.Nd5 Nc8
16.Ne7+ Nxe7 17.dxe7 Rxe7 18.Bxe7 Qxe7 19.Qd5 Nb4 20.Qxb7 Qxb7 21.Bxb7 Rb8
22.Bg2 Bd3 23.Nc3 Bxf1 24.Rxf1 Rd8 25.Nd5 Nxd5 26.Rd1 Kf8 27.Rxd5 Rxd5 28.Bxd5
Ke7 29.f3 { 1/2-1/2, Timoscenko Gennadij 2505 - Mikhalchishin Adrian 2545 ,
Frunze 1981 Ch URS } ) 13...Qd7 ( 13...Nb4 14.a5 Nd7 15.Ra4 Nd3 16.g4 Nxc1
17.Nxc1 Rc8 18.N1e2 e4 19.gxf5 Bxc3 20.Nxc3 Rxc3 21.fxg6 hxg6 22.Rxe4 Nc5
23.Rb4 Qxa5 24.Rh4 Rd3 25.Qe2 Qd8 26.Rc4 Rxd5 27.Bxd5 Qxd5 28.Qe3 b6 29.Rh4
Ne6 30.Qh6 Qg5+ 31.Qxg5 Nxg5 32.Rb4 Rd8 33.Ra1 { ...1/2-1/2, Edzgveradze
Natalia 2320 - Daniliuk Sergey 2390 , Moscow 1995 It (open) } ) 14.Ba3 Rfd8 {
} 15.Rc1 { N } ( 15.d6 Bh3 16.Bxh3 Qxh3 17.Nb5 Nd7 18.Nec3 Nac5 19.f3 a6
20.Nc7 Rab8 21.Qd5 Ne6 22.Nxe6 Qxe6 23.Qxe6 fxe6 24.Ne4 Rbc8 25.Rac1 Nf6
26.Rc7 Rxc7 27.dxc7 Rc8 28.Nxf6+ Bxf6 29.Bd6 Kf7 30.Rd1 Ke8 31.Kf2 Be7 32.Bxe5
Bc5+ 33.Ke2 Bb6 34.Rc1 Kd7 { ...1/2-1/2, Fedorowicz John P 2535 - Kudrin
Sergey 2570 , New York 1989 It (open) } ) ( 15.Qd2 Bh3 16.Bxh3 Qxh3 17.Rfd1
Nc7 18.d6 Ne6 19.a5 Nd7 20.Nd5 e4 21.Bb2 Ne5 22.Bxe5 Bxe5 23.Ra4 Bxd6 24.Rxe4
Bf8 25.Nef4 Qf5 26.Qe2 Rac8 27.h4 Rc5 28.g4 Nxf4 29.Rxf4 Qc8 30.Nf6+ {
1/2-1/2, Shabalov Alexander 2585 - Krasenkow Michal 2592 , Bad Wiessee 2001 It
(open) } ) 15...Bh3 { ?! } ( 15...Nc7 { !? } 16.d6 Ne8 17.Nb5 Bf8 { } )
16.Bxh3 Qxh3 17.a5 Nd7 18.Ne4 h6 19.Rc4 Nf6 20.Nxf6+ Bxf6 21.Nc3 Bg7 { ?! } (
21...Rd7 { !? } 22.Re1 Bg7 23.d6 Qe6 { } ) 22.d6 Qe6 23.Qd5 { ! } ( 23.Qf3 { ?
} 23...Rd7 24.Nb5 Kh7 25.Rd1 { } ) 23...Qxd5 24.Nxd5 Bf8 25.Ne7+ Kh7 26.Rfc1
b6 { ?! } ( 26...f6 { !? } 27.b4 b6 { } ) 27.Nc6 b5 { ?! } ( 27...Bxd6 { !? }
28.Nxd8 Bxa3 29.Rc8 Rxc8 { } ) 28.Nxd8 bxc4 29.Nxf7 cxb3 30.Rb1 { ? } ( { ? }
30.Bb2 Bxd6 31.Nxd6 Rd8 32.Bxe5 { } ) 30...Kg8 { ?! } ( 30...Rb8 { !? }
31.Nxe5 Bg7 32.f4 Bf6 { } ) 31.Nxe5 Rd8 32.Nc6 Rd7 33.Rxb3 { } {#r} 1-0

[Event "It (open)"]
[Site "masterchessopen.com Senden (Germany)"]
[Round "1"]
[White "Horvath Peter_ (HUN)"]
[Black "Bienhuels Franz-Josef (GER)"]
[Result "1-0"]
[WhiteElo "2477"]
[BlackElo "2069"]

1.d4 Nf6 2.c4 g6 3.g3 Bg7 4.Bg2 d5 5.cxd5 Nxd5 6.e4 Nb6 7.Ne2 O-O 8.O-O Nc6
9.d5 Na5 10.Nbc3 c6 11.b3 Bg4 12.Bd2 Rc8 13.h3 Bxe2 14.Nxe2 Nd7 15.Rc1 Ne5
16.Bc3 cxd5 17.exd5 b6 18.f4 Nd7 19.Bxg7 Rxc1 20.Qxc1 Kxg7 21.d6 Qb8 22.b4 Rc8
23.Qb2+ {#r} 1-0

[Event "Memorial Mirko Srajber (cat.10)"]
[Site "masterchessopen.com Subotica (Yugoslavia)"]
[Round "2"]
[White "Ilincic Zlatko (SRB)"]
[Black "Lupulescu Constantin (ROM)"]
[Result "1-0"]
[WhiteElo "2522"]
[BlackElo "2560"]

{ Ilincic Zlatko (YUG) +4 =0 -0 Lupulescu Constantin (ROM) +0 =0 -1 } 1.d4 { 1
} 1...Nf6 2.c4 g6 3.g3 Bg7 4.Bg2 d5 5.cxd5 Nxd5 6.e4 Nb6 7.Ne2 e5 ( 7...c5
8.d5 e6 9.O-O exd5 10.exd5 O-O 11.Nec3 Na6 12.Nd2 h6 13.a4 Bf5 14.a5 Nc8
15.Nc4 Nd6 16.Nxd6 Qxd6 17.g4 Bd7 18.Ne4 Qb8 19.Bxh6 Bxg4 20.Qxg4 Bxh6 21.f4
Kg7 22.f5 Qe5 23.fxg6 f5 24.Qg3 Qxg3 25.Nxg3 Be3+ 26.Kh1 f4 27.Rae1 { ...1-0,
Jirka Jiri 2330 - Lupulescu Constantin 2467 , Patras 2001 Ch Europe (juniors)
(under 20) } ) 8.d5 c6 9.Nbc3 { = } ( 9.O-O O-O 10.Nbc3 cxd5 11.exd5 Na6 12.b3
f5 13.a4 f4 14.a5 f3 15.axb6 fxg2 16.Kxg2 e4 17.Nd4 h5 18.h3 Qxb6 19.Be3 Qd8
20.Qe2 Qd7 21.Rh1 Qf7 22.Rad1 { 1/2-1/2, Rogozenko Dorian 2435 - Ftacnik
Lubomir 2585 , Hamburg 1998 Ch City } ) 9...cxd5 10.exd5 O-O 11.O-O Re8 { } (
11...Bf5 12.Ne4 Bxe4 13.Bxe4 Nc4 14.Qb3 Nd6 15.Bg2 Nd7 16.Bd2 Nc5 17.Qa3 Nce4
18.Bb4 a5 19.Be1 Nc4 20.Qd3 Ned6 21.Bc3 e4 22.Qc2 Bxc3 23.Qxc3 Re8 24.b3 Ne5
25.Nd4 Rc8 26.Qe3 Ng4 27.Qe2 Nf6 28.Rad1 Qb6 29.Nc2 Nb5 30.Qe3 Qd6 31.Rd2 {
...0-1, Romanishin Oleg M 2605 - Anand Viswanathan 2720 , New York 1994 Ch
World (PCA) (match) (cand.) (1/4) } ) 12.b3 ( 12.a4 Na6 13.b3 e4 14.d6 Bg4
15.Bb2 Rc8 16.a5 Nd7 17.Na4 Rc6 18.Bxg7 Kxg7 19.Nac3 Nf6 20.Nb5 Re5 21.h3 Rxb5
22.hxg4 Rxd6 23.Qb1 Rxa5 24.b4 Rb5 25.Ra4 Qb6 26.Qa1 Kg8 27.Nc3 Rg5 28.b5 Nc5
29.Rxa7 Rxg4 30.Ra8+ Kg7 31.Kh2 Nb3 { ...0-1, Bukal Vladimir Jr 2405 - Rade
Miroslav 2372 , Medulin 2002 Ch Croatia (team) } ) 12...e4 { N } ( 12...Bg4
13.Be3 Na6 14.Qd2 Qd7 15.Rfd1 Bh3 16.Bh1 Rac8 17.Rac1 Bf5 18.d6 Bg4 19.Ne4
Rxc1 20.Rxc1 Rc8 21.N2c3 Bf5 22.Rd1 Bg4 23.f3 Bf5 24.Bxb6 axb6 25.Nd5 { 1-0,
Umansky Mikhail 2415 - Moor Roger 2397 , Pfullendorf 2003 Cup Bodensee } )
13.Bb2 Bg4 14.h3 Bxe2 15.Qxe2 f5 16.Rad1 N8d7 { } ( 16...Na6 { !? } 17.d6 Qd7
18.Nd5 Nxd5 { } ) 17.d6 a6 18.Na4 { } ( 18.f3 { !? } 18...Rc8 19.Qe3 exf3
20.Qxf3 { } ) 18...Rc8 19.Bxg7 Kxg7 20.Qb2+ Kf7 { ?! } ( 20...Kg8 { !? } 21.f3
e3 22.Rfe1 f4 { } ) 21.f3 e3 22.Rfe1 f4 { ?! } ( 22...Nxa4 { !? } 23.bxa4 f4
24.gxf4 b5 { } ) 23.gxf4 { ? } ( { ? } 23.Qd4 Rc2 24.Qxf4+ Nf6 25.Kh2 { } )
23...Na8 { ? } ( { ? } 23...Re6 24.Qd4 Nxa4 25.bxa4 Qf6 { } ) 24.Qd4 Qf6 { ?!
} ( 24...b5 { !? } 25.Nc3 Nab6 26.Rxe3 Rxe3 { } ) 25.Qxf6+ Kxf6 26.h4 Rc2
27.Bh3 e2 { } ( 27...b5 { !? } 28.Bxd7 Rd8 29.Rxe3 Rxd7 { } ) 28.Rd3 Rd8
29.Nc3 Nab6 30.Re3 Nc5 31.b4 Nca4 32.Nxa4 Nxa4 33.d7 Kf7 { ?! } ( 33...Rd2 {
!? } 34.Re8 R8xd7 35.Bxd7 Rxd7 { } ) 34.Be6+ Kf6 35.Bb3 Rc3 36.Re6+ Kf5 37.Re8
{ } {#r} 1-0

[Event "It (open)"]
[Site "masterchessopen.com Dresden (Germany)"]
[Date "2003.07.30"]
[Round "6"]
[White "Ftacnik Lubomir (SVK)"]
[Black "Moor Roger (SUI)"]
[Result "1-0"]
[WhiteElo "2533"]
[BlackElo "2385"]

1.d4 Nf6 2.c4 g6 3.g3 Bg7 4.Bg2 d5 5.cxd5 Nxd5 6.e4 Nb6 7.Ne2 O-O 8.O-O e5
9.d5 c6 10.Nbc3 cxd5 11.exd5 Na6 12.b3 Bg4 13.f3 Bd7 14.Ba3 Re8 15.Qd2 Nc8
16.Rad1 Nd6 17.Kh1 Nf5 18.Ne4 Bb5 19.Rfe1 Bxe2 20.Rxe2 Nd4 21.Ree1 Nb5 22.Bb2
Nd6 23.f4 b6 24.fxe5 Bxe5 25.Bxe5 Rxe5 26.Qf4 Nxe4 27.Qxe5 Nf2+ 28.Kg1 Nxd1
29.d6 Rc8 30.Bb7 Rb8 31.Bxa6 b5 32.Rxd1 Qb6+ 33.Rd4 {#r} 1-0

[Event "It (open)"]
[Site "masterchessopen.com Belgrade (Yugoslavia)"]
[Date "2004.01.28"]
[Round "8"]
[White "Jokic Miodrag (SRB)"]
[Black "Nestorovic Dejan (SRB)"]
[Result "0-1"]
[WhiteElo "2208"]
[BlackElo "2416"]

1.d4 Nf6 2.c4 g6 3.g3 Bg7 4.Bg2 d5 5.cxd5 Nxd5 6.e4 Nb6 7.Ne2 O-O 8.O-O c5
9.d5 e5 10.Nbc3 Nc4 11.b3 Nd6 12.Be3 Na6 13.Rc1 b6 14.Qd2 Qe7 15.Bh6 Bd7
16.Bxg7 Kxg7 17.f4 f6 18.fxe5 fxe5 19.Rxf8 Rxf8 20.Rf1 Rc8 21.Rb1 Nc7 22.a4
Nce8 23.Qe3 Nf7 24.h3 Ned6 25.g4 a6 26.Ng3 b5 27.Kh2 b4 28.Nce2 a5 29.Ng1 c4
30.Qa7 Qd8 31.Qe3 cxb3 32.Qxb3 Bxg4 33.N3e2 Bxe2 34.Nxe2 Qg5 35.Rb2 Nc4 {#R}
0-1

[Event "It (open)"]
[Site "masterchessopen.com Nova Gorica (Slovenia)"]
[Date "2004.02.05"]
[Round "9"]
[White "Djuric Stefan (SRB)"]
[Black "Szeberenyi Adam (HUN)"]
[Result "1-0"]
[WhiteElo "2479"]
[BlackElo "2366"]

1.d4 Nf6 2.c4 g6 3.g3 Bg7 4.Bg2 d5 5.cxd5 Nxd5 6.e4 Nb6 7.Ne2 c5 8.d5 e6 9.O-O
exd5 10.exd5 O-O 11.Nbc3 Bf5 12.h3 h5 13.Bf4 {#r} 1-0

[Event "Staatsliga B Mitte 2003/04"]
[Site "masterchessopen.com Austria"]
[Date "2004.02.28"]
[Round "8"]
[White "Horvath Peter_ (HUN)"]
[Black "Topakian Raffi (AUT)"]
[Result "1-0"]
[WhiteElo "2477"]
[BlackElo "2409"]

1.d4 Nf6 2.c4 g6 3.g3 Bg7 4.Bg2 d5 5.cxd5 Nxd5 6.e4 Nb6 7.Ne2 c5 8.d5 e6 9.O-O
O-O 10.Nbc3 Na6 11.Nf4 e5 12.Nd3 c4 13.Ne1 Bd7 14.f4 exf4 15.gxf4 Nc5 16.Be3
Nba4 17.Qd2 Nxc3 18.bxc3 Qa5 19.Rc1 Rfe8 20.e5 Bf5 21.Kh1 Rad8 22.Qd4 Rc8
23.Rf2 b6 24.d6 Qb5 25.Rd1 Qd7 26.Bd5 Ne6 27.Qd2 Nc5 28.Rg2 Red8 29.Nf3 Ne4
30.Qc1 Nc5 31.Ng5 Ne6 32.Nf3 Nc5 33.Nd4 Nd3 34.Qd2 Bh3 35.Rg3 Kh8 36.Bxc4 Nxe5
37.Bb5 Qb7+ 38.Kg1 Bg4 39.Rf1 Bd7 40.fxe5 Bxb5 {#r} 1-0

[Event "It (open)"]
[Site "masterchessopen.com Dubai (United Arab Emirates)"]
[Date "2004.04.23"]
[Round "5"]
[White "Anastasian Ashot (ARM)"]
[Black "Gurieli Nino (GEO)"]
[Result "1-0"]
[WhiteElo "2579"]
[BlackElo "2348"]

1.d4 Nf6 2.c4 g6 3.g3 Bg7 4.Bg2 d5 5.cxd5 Nxd5 6.e4 Nb6 7.Ne2 O-O 8.Nbc3 e5
9.d5 c6 10.O-O cxd5 11.exd5 Bf5 12.h3 h5 13.b3 Qd7 14.Kh2 Na6 15.Be3 Rac8
16.Qd2 Nc5 17.Bh6 Qd6 18.Rad1 Nbd7 19.Bxg7 Kxg7 20.f4 exf4 21.Nxf4 Ne5 {#r}
1-0